000 005540000a22002410004500
082 _aN291.092
_bG524a
_cN
518 _a20071105
530 _aM
100 _aGautam, Rajesh
245 _aAmar Shahid Dashrath Chand ra Nepalko prajatantrik andolan
260 _aBaitadi
_bKarna Bahadur Chand, Nepal
260 _c2061 B.S.
300 _a50p.
041 _aNep
365 _aRs.250.00
650 _aMartyr
650 _aDemocracy
650 _aMovement
650 _aPolitical parties
651 _aNepal
015 _aNNB
942 _cGEN
999 _c42433
_d42433